[Event "Faaborg Midtfyn Blindfold Cup"]
[Site "Faaborg DEN"]
[Date "2007.01.02"]
[Round "1"]
[White "Berg,E"]
[Black "Pedersen,Stef"]
[Result "1-0"]
[WhiteElo "2586"]
[BlackElo "2439"]
[EventDate "2007.01.02"]

1. e4 c6 2. Nf3 d5 3. exd5 cxd5 4. Ne5 Nf6 5. d4 Nc6 6. c3 Qb6 7. Bd3 e6 8.
Qe2 Bd6 9. f4 Qc7 10. Nd2 O-O 11. O-O Ne8 12. Rf3 f5 13. Rh3 Nf6 14. Ndf3
Ne4 15. Be3 Rb8 16. Kh1 a6 17. Rg1 b5 18. a3 Bd7 19. g4 Bxe5 20. fxe5 f4
21. Bc1 Ne7 22. Nd2 Ng5 23. Rh5 Bc6 24. Rxg5 1-0

[Event "Faaborg Midtfyn Blindfold Cup"]
[Site "Faaborg DEN"]
[Date "2007.01.02"]
[Round "2"]
[White "Nielsen,PH"]
[Black "Pedersen,Stef"]
[Result "1-0"]
[WhiteElo "2651"]
[BlackElo "2439"]
[EventDate "2007.01.02"]

1. d4 d5 2. c4 e6 3. Nf3 Nf6 4. g3 Bb4+ 5. Bd2 Be7 6. Bg2 O-O 7. O-O c6 8.
Bf4 Nbd7 9. Nc3 dxc4 10. e4 b5 11. d5 b4 12. d6 Bxd6 13. Bxd6 bxc3 14. bxc3
Re8 15. Nd4 e5 16. Nxc6 Qb6 17. Ne7+ Kh8 18. Rb1 Qa6 19. f4 Ng8 20. Nxg8
Kxg8 21. fxe5 Nf8 22. Rf2 Be6 23. Rb4 Ng6 24. Rfb2 Ne7 25. Bxe7 Rxe7 26.
Qd6 Qxd6 27. exd6 Ree8 28. e5 Rad8 29. Rb7 f6 30. Bc6 Rf8 31. Re7 Bf5 32.
d7 fxe5 33. Rf2 e4 34. g4 Bxd7 35. Rxd7 Rxd7 36. Rxf8+ Kxf8 37. Bxd7 1-0

[Event "Faaborg Midtfyn Blindfold Cup"]
[Site "Faaborg DEN"]
[Date "2007.01.03"]
[Round "3"]
[White "Berg,E"]
[Black "Nielsen,PH"]
[Result "0-1"]
[WhiteElo "2586"]
[BlackElo "2651"]
[EventDate "2007.01.02"]

1. e4 e5 2. Nf3 Nc6 3. Nc3 Nf6 4. a3 Be7 5. d4 exd4 6. Nxd4 O-O 7. Nxc6
bxc6 8. e5 Ne8 9. Bd3 f6 10. Bf4 fxe5 11. Bxe5 Bf6 12. Qh5 g6 13. Qe2 Rb8
14. O-O-O d5 15. h4 Nd6 16. h5 Re8 17. f4 Bxe5 18. fxe5 Qg5+ 19. Qd2 Rxe5
20. hxg6 hxg6 21. Rh6 Qxd2+ 22. Kxd2 Bf5 23. Rdh1 Nf7 24. R6h4 Bxd3 25.
Kxd3 Rxb2 26. Ra4 Rg5 27. Ne2 Rxg2 28. Rxa7 Ne5+ 29. Kc3 Nc4 30. Re1 Rb8
31. Rg1 Rxe2 32. Rxg6+ Kf7 33. Rxc6 Rc8 34. a4 Re7 35. Kd4 Ne5 36. Rc5 Nf3+
37. Kc3 c6 38. Ra6 Rb8 39. Kd3 Rbe8 40. Kc3 Re3+ 41. Kb4 Rb8+ 42. Ka5 Ne5
43. Ra7+ Ke6 44. Ka6 Kd6 45. Ra5 Nc4 0-1

[Event "Faaborg Midtfyn Blindfold Cup"]
[Site "Faaborg DEN"]
[Date "2007.01.03"]
[Round "3"]
[White "Pedersen,Stef"]
[Black "Carlsen,M"]
[Result "1-0"]
[WhiteElo "2439"]
[BlackElo "2690"]
[EventDate "2007.01.02"]

1. d4 Nf6 2. c4 c5 3. d5 b5 4. cxb5 a6 5. bxa6 g6 6. Nc3 Bxa6 7. e4 Bxf1 8.
Kxf1 d6 9. Nf3 Nbd7 10. h3 Bg7 11. Kg1 O-O 12. Kh2 Qa5 13. Re1 Rfb8 14. Re2
Ne8 15. Bf4 Rb4 16. Rc1 Bxc3 17. bxc3 Ra4 18. Rcc2 Qa6 19. Bg3 f6 20. Ne1
Qc4 21. Qd3 Nc7 22. Rb2 R8a7 23. f3 Kf7 24. Kg1 Na8 25. Qd2 Nab6 26. Nd3
Qa6 27. Rc2 Nc4 28. Qh6 Nf8 29. h4 Na3 30. Rcd2 Nb1 31. e5 Nxd2 32. exf6
Nf1 33. Qg7+ 1-0

[Event "Faaborg Midtfyn Blindfold Cup"]
[Site "Faaborg DEN"]
[Date "2007.01.03"]
[Round "4"]
[White "Nielsen,PH"]
[Black "Berg,E"]
[Result "1/2-1/2"]
[WhiteElo "2651"]
[BlackElo "2586"]
[EventDate "2007.01.02"]

1. Nf3 e6 2. c4 Nf6 3. Nc3 Bb4 4. Qc2 O-O 5. a3 Bxc3 6. Qxc3 b6 7. e3 Bb7
8. Be2 d6 9. b4 Ne4 10. Qc2 f5 11. Bb2 Nd7 12. d3 Nef6 13. O-O Qe7 14. d4
Ne4 15. d5 exd5 16. cxd5 Ndf6 17. Rac1 Rac8 18. Bc4 Kh8 19. Qd3 Qf7 20.
Bxf6 Qxf6 21. Ba6 Bxa6 22. Qxa6 f4 23. exf4 Qxf4 24. Qxa7 Ra8 25. Qxc7 Rxa3
26. Rc4 Rxf3 27. gxf3 Qxf3 28. Rxe4 Qxe4 29. Qxd6 Qf3 30. Qxb6 Qg4+ 31. Kh1
Qc4 32. Kg1 Qg4+ 33. Kh1 Qc4 34. Kg1 Qg4+ 1/2-1/2

[Event "Faaborg Midtfyn Blindfold Cup"]
[Site "Faaborg DEN"]
[Date "2007.01.03"]
[Round "6"]
[White "Nielsen,PH"]
[Black "Carlsen,M"]
[Result "1/2-1/2"]
[WhiteElo "2651"]
[BlackElo "2690"]
[EventDate "2007.01.02"]

1. d4 Nf6 2. c4 e6 3. Nf3 b6 4. g3 Bb7 5. Bg2 Be7 6. O-O O-O 7. Nc3 Ne4 8.
Nxe4 Bxe4 9. Ne1 Bxg2 10. Nxg2 d5 11. Qa4 Bf6 12. Rd1 Qe8 13. Qxe8 Rxe8 14.
cxd5 exd5 15. Be3 Na6 16. Rac1 Rac8 17. Nf4 c6 18. Rd3 Nb8 19. Ra3 a5 20.
Rb3 g5 21. Nh5 Bd8 22. g4 Nd7 23. Rbc3 Re6 24. Ng3 Nf8 25. Nf5 Ng6 26. h3
Kf8 27. Kg2 Bf6 28. Rb3 Rb8 29. Rbc3 Rc8 30. Rb3 Rb8 31. Rbc3 Rc8 1/2-1/2

[Event "Faaborg Midtfyn Blindfold Cup"]
[Site "Faaborg DEN"]
[Date "2007.01.03"]
[Round "6"]
[White "Pedersen,Stef"]
[Black "Berg,E"]
[Result "1-0"]
[WhiteElo "2439"]
[BlackElo "2586"]
[EventDate "2007.01.02"]

1. d4 e6 2. Nf3 Nf6 3. c4 b6 4. a3 Ba6 5. Qb3 c5 6. d5 exd5 7. cxd5 Bd6 8.
Nc3 O-O 9. e4 Qc8 10. Bxa6 Qxa6 11. Nb5 Nxe4 12. O-O Qb7 13. Ng5 Nxg5 14.
Nxd6 Qc7 15. Nb5 Qd8 16. Bxg5 Qxg5 17. Nc7 c4 18. Qb5 Nc6 19. dxc6 Qxb5 20.
Nxb5 dxc6 21. Nd6 b5 22. Rad1 Rfd8 23. Nb7 Rd5 24. Rxd5 cxd5 25. Rd1 a5 26.
Rxd5 b4 27. Rxa5 Rb8 28. axb4 g6 29. Ra7 Re8 30. Kf1 Re7 31. Ra8+ Kg7 32.
Nd6 1-0

[Event "Faaborg Midtfyn Cup Blindfold Final"]
[Site "Faaborg DEN"]
[Date "2007.01.04"]
[Round "1"]
[White "Nielsen, PH."]
[Black "Carlsen, M."]
[Result "0-1"]
[WhiteElo "2651"]
[BlackElo "2690"]
[PlyCount "86"]
[EventDate "2007.01.04"]

1. d4 Nf6 2. c4 c5 3. d5 e5 4. Nc3 d6 5. e4 Be7 6. Be2 Nbd7 7. Nf3 O-O 8. O-O
Ne8 9. Rb1 g6 10. Ne1 Bg5 11. Nd3 Bxc1 12. Qxc1 Qe7 13. f4 exf4 14. Qxf4 f6 15.
Rf2 Ne5 16. Nxe5 dxe5 17. Qe3 b6 18. Rbf1 Bd7 19. h4 Nd6 20. h5 f5 21. g3 gxh5
22. Bd3 fxe4 23. Nxe4 Nxe4 24. Bxe4 Rxf2 25. Rxf2 Rf8 26. d6 Qg7 27. Bd5+ Kh8
28. Rxf8+ Qxf8 29. Qg5 h6 30. Qg6 Qg7 31. Qxh5 Qxg3+ 32. Kh1 Qe1+ 33. Kg2 Qd2+
34. Kh1 Qc1+ 35. Kh2 Qf4+ 36. Kh1 Kg7 37. Bg2 Qc1+ 38. Kh2 Qf4+ 39. Kh1 e4 40.
Bh3 Qc1+ 41. Kh2 Qxb2+ 42. Bg2 Qf6 43. Bxe4 Qf4+ 0-1

[Event "Faaborg Midtfyn Cup Blindfold 3rd-4th"]
[Site "Faaborg DEN"]
[Date "2007.01.04"]
[Round "1"]
[White "Berg, E."]
[Black "Pedersen, Stef"]
[Result "1/2-1/2"]
[WhiteElo "2586"]
[BlackElo "2439"]
[PlyCount "106"]
[EventDate "2007.01.04"]

1. e4 c6 2. Nc3 d5 3. d4 dxe4 4. Nxe4 Bf5 5. Ng3 Bg6 6. Bc4 e6 7. N1e2 Bd6 8.
Nf4 Nf6 9. O-O Nd5 10. Ngh5 O-O 11. Nxg6 hxg6 12. Ng3 Nd7 13. Re1 N7f6 14. Ne4
Nxe4 15. Rxe4 Re8 16. Qe2 Qc7 17. g3 Nf6 18. Re3 Nd5 19. Rd3 Rad8 20. Bg5 Be7
21. Bxe7 Rxe7 22. Rad1 Rde8 23. Qf3 Rd8 24. Kg2 b5 25. Bb3 a5 26. c3 a4 27. Bc2
Red7 28. b3 axb3 29. Bxb3 Qa5 30. h4 b4 31. c4 Nc3 32. R1d2 c5 33. h5 gxh5 34.
Qxh5 Qc7 35. d5 exd5 36. cxd5 c4 37. Bxc4 Qxc4 38. Rd4 Qc5 39. Rh4 Kf8 40. Qe5
Kg8 41. Qh5 Kf8 42. Qh8+ Ke7 43. Qxg7 Rxd5 44. Rf4 Rf8 45. Qf6+ Kd7 46. Rfd4
Qd6 47. Rxd5 Nxd5 48. Qd4 Kc6 49. Qc4+ Qc5 50. Qe4 Kd6 51. Qf4+ Kc6 52. Qe4 Kd6
53. Qf4+ Kc6 1/2-1/2

[Event "Faaborg Midtfyn Cup Blindfold 3rd-4th"]
[Site "Faaborg DEN"]
[Date "2007.01.04"]
[Round "2"]
[White "Pedersen, Stef"]
[Black "Berg, E."]
[Result "0-1"]
[WhiteElo "2439"]
[BlackElo "2586"]
[PlyCount "60"]
[EventDate "2007.01.04"]

1. d4 e6 2. c4 Nf6 3. Nf3 b6 4. a3 Ba6 5. Qb3 Be7 6. Nc3 d5 7. cxd5 Nxd5 8. Bd2
O-O 9. O-O-O Bb7 10. Qc2 f5 11. e3 Nd7 12. Nxd5 Bxd5 13. Bc4 Nf6 14. Ne5 c5 15.
Bxd5 Qxd5 16. Qc4 Qxc4+ 17. Nxc4 cxd4 18. Kb1 Ne4 19. Rhf1 Rfd8 20. exd4 Rxd4
21. Bb4 Rxd1+ 22. Rxd1 Bxb4 23. axb4 Nxf2 24. Rd7 Ng4 25. Re7 Nxh2 26. Rxe6 f4
27. Ne5 Rf8 28. b5 f3 29. gxf3 Nxf3 30. Nc6 h5 0-1